Learning Resource and Development

Guest satisfaction on accommodation establishments in Iriga City : (Record no. 26003)

MARC details
000 -LEADER
fixed length control field 01282nam a22003137a 4500
003 - CONTROL NUMBER IDENTIFIER
control field CSPC
005 - DATE AND TIME OF LATEST TRANSACTION
control field 20240628095931.0
008 - FIXED-LENGTH DATA ELEMENTS--GENERAL INFORMATION
fixed length control field 230830b |||||||| |||| 00| 0 eng d
040 ## - CATALOGING SOURCE
Original cataloging agency CSPC LIBRARY
Language of cataloging eng
Transcribing agency CSPC
090 ## - LOCALLY ASSIGNED LC-TYPE CALL NUMBER (OCLC); LOCAL CALL NUMBER (RLIN)
Classification number (OCLC) (R) ; Classification number, CALL (RLIN) (NR) UTH BSTM B456g 2022
100 1# - MAIN ENTRY--PERSONAL NAME
Personal name Bermejo, Chloie S.,
Relator term author.
245 ## - TITLE STATEMENT
Title Guest satisfaction on accommodation establishments in Iriga City :
Remainder of title a new normal approach /
Statement of responsibility, etc. Chloie S. Bermejo [and 3 others].
Medium
264 ## - PRODUCTION, PUBLICATION, DISTRIBUTION, MANUFACTURE, AND COPYRIGHT NOTICE
Place of production, publication, distribution, manufacture Nabua, Camarines Sur :
Name of producer, publisher, distributor, manufacturer Camarines Sur Polytechnic Colleges,
Date of production, publication, distribution, manufacture, or copyright notice 2022.
300 ## - PHYSICAL DESCRIPTION
Extent xvi, 103 leaves :
Other physical details tables ;
Dimensions 28 cm.
Accompanying material + accompanying material
336 ## - CONTENT TYPE
Source rdacontent
Content type term text
337 ## - MEDIA TYPE
Source rdamedia
Media type term unmediated
338 ## - CARRIER TYPE
Source rdacarrier
Carrier type term volume
502 ## - DISSERTATION NOTE
Dissertation note Undergraduate Thesis (BSTM) - Tourism Management.
Name of granting institution Camarines Sur Polytechnic Colleges, 2022.
504 ## - BIBLIOGRAPHY, ETC. NOTE
Bibliography, etc. note Includes bibliographical references.
700 ## - ADDED ENTRY--PERSONAL NAME
Personal name Bregala, Ma. Nicole P.,
Relator term author.
700 ## - ADDED ENTRY--PERSONAL NAME
Personal name Guaves, Khryzl Mae A.,
700 ## - ADDED ENTRY--PERSONAL NAME
Personal name Llorin, Tracy Mae R.,
Relator term author.
720 ## - ADDED ENTRY--UNCONTROLLED NAME
Name Illo, Norel Peter M.,
Relator term adviser
720 ## - ADDED ENTRY--UNCONTROLLED NAME
Name Oliveros, Rosanna B.,
Relator term panelist, chair
720 ## - ADDED ENTRY--UNCONTROLLED NAME
Name Orobia, Mark Anthony L.,
Relator term panelist
720 ## - ADDED ENTRY--UNCONTROLLED NAME
Name Salcedo, Sherly A.,
Relator term panelist
942 ## - ADDED ENTRY ELEMENTS (KOHA)
Source of classification or shelving scheme Dewey Decimal Classification
Koha item type Unpublished Materials
Suppress in OPAC No
Classification part B456g
Item part BSTM
Call number prefix UTH
Call number suffix 2022
Holdings
Withdrawn status Lost status Source of classification or shelving scheme Damaged status Not for loan Home library Current library Shelving location Date acquired Total Checkouts Full call number Barcode Date last seen Copy number Price effective from Koha item type
    Dewey Decimal Classification   Not For Loan Main Library Main Library Undergraduate Thesis Section 08/30/2023   UTH BSTM B456g 2022 005978UM 08/30/2023 1-1 08/30/2023 Unpublished Materials